000 00264nam a22001217a 4500
008 180125b xxu||||| |||| 00| 0 eng d
041 _aeng
080 _a610.73
100 _a1
101 _aINF
245 _aPsychiatric nursing
_cBoyd,M.A
942 _2udc
_cBK
999 _c40953
_d40953